000 00684nam a22002175i 4500
001 64737
003 ES-MaACL
005 20250802063107.0
007 t|
008 040105s1978 sp ||||0| spa j
040 _aM-BN
_bspa
_cM-BN
100 1 _aFoucault, Michel,
_d1926-1984
_9241486
245 1 0 _aMicrofísica del poder /
_cMichel Foucault ; edición y traducción de Julia Varela y Fernando lvarez-Uría.
250 _a[1ª ed.].
260 _a[Madrid] :
_bLa Piqueta,
_c[1978]
300 _a189 p. ;
_c20 cm.
700 1 _aAlvarez-Uría, Fernando
_9179408
700 1 _aVarela, Julia.
_9113140
852 _aES-MaACL
_jA-8903
_bR.97971
999 _c64737
_d64737